banner koha

Mosses as indicators of atmospheric metal deposition in an industrial area of southern Brazil (Registro n. 226128)

MARC details
000 -LÍDER
campo de controle de tamanho fixo 00885nas a2200301 4500
001 - NÚMERO DE CONTROLE
campo de controle BR2013000216
003 - IDENTIFICADOR DO NÚMERO DE CONTROLE
campo de controle BR-BrBNA
005 - DATA E HORÁRIO DA ÚLTIMA TRANSAÇÃO
campo de controle 20231205121944.0
007 - CAMPO FIXO DE DESCRIÇÃO FÍSICA--INFORMAÇÃO GERAL
campo de controle de tamanho fixo ta
008 - CAMPO DE DADOS FIXOS--INFORMAÇÃO GERAL
campo de controle de tamanho fixo 230509b bl.|||p| |||| 00| 00por d
040 ## - FONTE DA CATALOGAÇÃO
Instituição da catalogação original BR-BrBNA
Idioma da catalogação por
Instituição que transcreveu o registro Biblioteca Nacional de Agricultura
041 ## - CÓDIGO DE IDIOMA
Código do idioma do texto/trilha sonora ou título diferente (En)
072 ## - CÓDIGO DE CATEGORIA DE ASSUNTO
Código de Categoria de Assunto T01
100 1# - ENTRADA PRINCIPAL--NOME PESSOAL
Nome pessoal Mazzoni, A.C.
100 1# - ENTRADA PRINCIPAL--NOME PESSOAL
Nome pessoal Lanzer,R.
100 1# - ENTRADA PRINCIPAL--NOME PESSOAL
Nome pessoal Bordin, J.
100 1# - ENTRADA PRINCIPAL--NOME PESSOAL
Nome pessoal Schafer, A.
100 1# - ENTRADA PRINCIPAL--NOME PESSOAL
Nome pessoal Wasum, R.
245 1# - TÍTULO
Título Mosses as indicators of atmospheric metal deposition in an industrial area of southern Brazil
650 ## - ASSUNTO--TERMO TÓPICO
Cabeçalho tópico ou nome geográfico RIO GRANDE DO SUL
650 ## - ASSUNTO--TERMO TÓPICO
Cabeçalho tópico ou nome geográfico POLUIÇÃO DO AR
650 ## - ASSUNTO--TERMO TÓPICO
Cabeçalho tópico ou nome geográfico METAL PESADO
650 ## - ASSUNTO--TERMO TÓPICO
Cabeçalho tópico ou nome geográfico MUSGO
650 ## - ASSUNTO--TERMO TÓPICO
Cabeçalho tópico ou nome geográfico BRYOPHYTA
773 0# - ENTRADA ANALÍTICA
Título Acta Botanica Brasilica (Brazil)
ISSN - International Standard Serial Number ISSN 517-719
Partes relacionadas (Jul-Sep 2012), v. 26(3) p. 553-558
Número de controle do registro BR2013000216
909 ## -
-- 202311
-- Lúcia
-- 55
-- Lúcia Elande
942 ## - ELEMENTOS DE ENTRADA ADICIONADOS (KOHA)
Fonte da classificação ou esquema de arquivamento na estante Classificação AGRIS
Ocultar no OPAC Não
Tipo de material Koha Analítica
Exemplares
Situação do descarte Fonte da classificação ou esquema de arquivamento na estante Situação física Não pode ser emprestado Biblioteca de origem Biblioteca atual Localização na estante Enumeração do periódico / cronologia Total de empréstimos Data de último acesso Número do exemplar Tipo de material Koha Fonte de aquisição
  Classificação AGRIS   Consulta local Biblioteca Nacional de Agricultura - Binagri Biblioteca Nacional de Agricultura - Binagri   (Jul-Sep 2012), v. 26(3) p. 553-558   29/11/2023 01 Periódicos Portaria Interministerial nº 164/94

BINAGRI

Telefone: (61)3218-2567/2388/3357/2097 - binagri@agro.gov.br

Ministério da Agricultura e Pecuária , Esplanada dos Ministérios, Bloco D, Anexo B, Brasília/DF, CEP: 70.043-900